Stories by English Authors : (Record no. 231925)
[ view plain ]
| 000 -LEADER | |
|---|---|
| fixed length control field | 01275cam a22003253a 4500 |
| 001 - CONTROL NUMBER | |
| control field | 2588 |
| 003 - CONTROL NUMBER IDENTIFIER | |
| control field | PGUSA |
| 005 - DATE AND TIME OF LATEST TRANSACTION | |
| control field | 20140828083017.0 |
| 008 - FIXED-LENGTH DATA ELEMENTS--GENERAL INFORMATION | |
| fixed length control field | 060404s2006||||xxu|||||s|||||000 | eng d |
| 040 ## - CATALOGING SOURCE | |
| Original cataloging agency | PGUSA |
| Language of cataloging | eng |
| 042 ## - AUTHENTICATION CODE | |
| Authentication code | dc |
| 050 #4 - LIBRARY OF CONGRESS CALL NUMBER | |
| Classification number | PR |
| 245 10 - TITLE STATEMENT | |
| Title | Stories by English Authors : |
| Remainder of title | Scotland (Selected by Scribners) |
| Medium | [electronic resource] |
| 260 ## - PUBLICATION, DISTRIBUTION, ETC. (IMPRINT) | |
| Name of publisher, distributor, etc | Project Gutenberg, |
| Date of publication, distribution, etc | 2006 |
| 505 0# - FORMATTED CONTENTS NOTE | |
| Formatted contents note | The Courting of T'nowhead's Bell, J. M. Barrie -- The Heather Lintie, S. R. Crockett -- A Doctor of the Old School, Ian Maclaren -- Wandering Willie's Tale, Sir Walter Scott -- The Glenmutchkin Railway, Professor Aytoun -- Thrawn Janet, R. L. Stevenson |
| 506 ## - RESTRICTIONS ON ACCESS NOTE | |
| Terms governing access | Public domain in the USA. |
| 516 ## - TYPE OF COMPUTER FILE OR DATA NOTE | |
| Type of computer file or data note | Electronic text |
| 653 ## - INDEX TERM--UNCONTROLLED | |
| Uncontrolled term | English literature -- Scottish authors |
| 653 ## - INDEX TERM--UNCONTROLLED | |
| Uncontrolled term | Short stories |
| 653 ## - INDEX TERM--UNCONTROLLED | |
| Uncontrolled term | Scottish literature |
| 700 1# - ADDED ENTRY--PERSONAL NAME | |
| Personal name | Crockett, S. R. |
| Fuller form of name | (Samuel Rutherford), |
| Dates associated with a name | 1860-1914 |
| 700 1# - ADDED ENTRY--PERSONAL NAME | |
| Personal name | Maclaren, Ian, |
| Dates associated with a name | 1850-1907 |
| 700 1# - ADDED ENTRY--PERSONAL NAME | |
| Personal name | Barrie, J. M. |
| Fuller form of name | (James Matthew), |
| Dates associated with a name | 1860-1937 |
| 700 1# - ADDED ENTRY--PERSONAL NAME | |
| Personal name | Stevenson, Robert Louis, |
| Dates associated with a name | 1850-1894 |
| 700 1# - ADDED ENTRY--PERSONAL NAME | |
| Personal name | Scott, Walter, |
| Dates associated with a name | 1771-1832 |
| 700 1# - ADDED ENTRY--PERSONAL NAME | |
| Personal name | Aytoun, William Edmondstoune, |
| Dates associated with a name | 1813-1865 |
| 830 #0 - SERIES ADDED ENTRY--UNIFORM TITLE | |
| Uniform title | Project Gutenberg |
| Volume number/sequential designation | 2588 |
| 856 40 - ELECTRONIC LOCATION AND ACCESS | |
| Uniform Resource Identifier | <a href="http://www.gutenberg.org/ebooks/2588">http://www.gutenberg.org/ebooks/2588</a> |
| 942 ## - ADDED ENTRY ELEMENTS (KOHA) | |
| Koha item type | eBooks |
| Withdrawn status | Lost status | Damaged status | Home library | Current library | Date acquired | Total Checkouts | Date last seen | Price effective from | Koha item type |
|---|---|---|---|---|---|---|---|---|---|
| Project Gutenberg | Project Gutenberg | 08/28/2014 | 08/28/2014 | 08/28/2014 | eBooks |